[Event "AUTO-INT-14"]
[Site "http://www.queenalice.com/game.php?id=14021"]
[Date "2005.5.23"]
[Round "1"]
[White "flare"]
[Black "marison"]
[Result "0-1"]
[WhiteElo "1397"]
[BlackElo "1460"]

1. e4 e5 2. Nf3 Nc6 3. Bc4 Nf6 4. Nc3 Bb4 5. a3 Bxc3 6. dxc3 O-O 7. Bg5 h6 8.
O-O hxg5 9. Nxg5 d6 10. Qf3 Bg4 11. Qg3 Qd7 12. h3 Bh5 13. Rad1 Bxd1 14. Rxd1
Na5 15. Ba2 Qb5 16. b4 Nc4 17. Rd5 Nxd5 18. exd5 Qxd5 19. Qh4 Qd1+ 20. Kh2 Rfe8
21. Bxc4 d5 22. Bd3 e4 23. Qh7+ Kf8 24. Bb5 c6 25. Ba4 Qd2 26. Qf5 f6 27. Nh7+
Ke7 28. Nxf6 gxf6 29. Qh7+ Ke6 30. Qxb7 Qxc3 31. Bxc6 Red8 32. Bxd5+ Kd6 33.
Bxe4 Qc7 34. Qa6+ Ke7+ 35. g3 Rac8 36. Bf5 Rb8 37. Qe6+ Kf8 38. Qxf6+ Qf7 39.
Qh6+ Ke7 40. Qg5+ Kd6 41. Qh6+ Ke7 42. Qg5+ Qf6 43. Qe3+ Kf8 44. Qc5+ Qe7 45.
Qc4 Qe1 46. Qf4 Ke7 47. Qg5+ Kd6 48. Qf6+ Kd5 49. Qf7+ Kd4 50. Qg7+ Kd5 51. Qf7+
Kd4 52. Qg7+ Qe5 53. Qg4+ Kd5 54. Qd1+ Kc6 55. Qf3+ Kc7 56. h4 Rf8 57. Qd3 Rxf5
0-1

[Event "AUTO-INT-14"]
[Site "http://www.queenalice.com/game.php?id=14022"]
[Date "2005.5.23"]
[Round "1"]
[White "marison"]
[Black "flare"]
[Result "0-1"]
[WhiteElo "1481"]
[BlackElo "1732"]

1. e4 c5 2. Nc3 Nc6 3. Nf3 Nf6 4. e5 Ng4 5. Qe2 d6 6. exd6 Qxd6 7. h3 Nge5 8. d3
Be6 9. Bf4 f6 10. O-O-O g5 11. Bxe5 Nxe5 12. Nxe5 fxe5 13. Qh5+ Bf7 14. Qxg5 Bh6
15. Ne4 Qc6 16. Nf6+ Qxf6 17. h4 Bxg5+ 18. hxg5 Qxg5+ 19. Kb1 Qf6 20. f3 Qe6 21.
b3 O-O-O 22. g4 b5 23. Re1 a5 24. f4 Qd5 25. Bh3 exf4 26. Rhf1 f3 27. Rxe7 Bg6
28. g5+ Bf5 29. Bxf5+ Qxf5 30. Ra7 Rdf8 31. Re1 Re8 32. Ra8+ Kd7 33. Ra7+ Kd6
34. Ra6+ Kd5 35. c4+ Kd4 36. Rd6+ Kc3 37. Rc1+ Kb4 38. Rd5 Qh3 39. Kb2 Re2+ 40.
Ka1 Rhe8 41. Rb1 Re1 42. Kb2 Qg2+ 43. Ka1 Rxb1+ 44. Kxb1 Re1# 0-1

[Event "AUTO-INT-14"]
[Site "http://www.queenalice.com/game.php?id=14023"]
[Date "2005.5.23"]
[Round "1"]
[White "flare"]
[Black "franckscarduelli"]
[Result "0-1"]
[WhiteElo "1591"]
[BlackElo "1278"]

1. e4 e5 2. Nf3 Nc6 3. Nc3 d6 4. Bc4 Qf6 5. O-O h5 6. d3 Rh6 7. Bxh6 Qxh6 8. Nd5
Kd8 9. h3 Qg6 10. Kh2 Na5 11. b4 Nxc4 12. dxc4 Qxe4 13. Qd3 Bf5 14. Qxe4 Bxe4
15. c3 c6 16. Ne3 Be7 17. Rfe1 Nf6 18. Ng5 Bg6 19. c5 d5 20. g4 Nxg4+ 21. hxg4
Bxg5 22. gxh5 Bxh5 23. Nf5 g6 24. Ng7 Bf3 25. Rxe5 Bf4+ 26. Kg1 Bxe5 27. Re1
Bxg7 28. Re3 Bg4 29. f3 Bf5 30. Kg2 Kc7 31. Re7+ Kd8 32. Rxf7 Bxc3 33. Rf8+ Kc7
34. Rxa8 a6 35. a3 d4 0-1

[Event "AUTO-INT-14"]
[Site "http://www.queenalice.com/game.php?id=14024"]
[Date "2005.5.23"]
[Round "1"]
[White "franckscarduelli"]
[Black "flare"]
[Result "0-1"]
[WhiteElo "1271"]
[BlackElo "1748"]

1. e4 c5 2. d3 Nc6 3. c3 Nf6 4. Nf3 e5 5. g3 d6 6. Qa4 Bd7 7. Qb3 Be6 8. Qxb7
Ne7 9. Be2 a5 10. Ng5 Bg4 11. f3 Bh5 12. d4 cxd4 13. g4 Bg6 14. Nh3 h5 15. Bb5+
Nd7 16. Bxd7+ Qxd7 17. Qxa8+ Nc8 18. Qxa5 hxg4 19. fxg4 Rxh3 20. Nd2 Qxg4 21.
Rf1 Re3+ 22. Kf2 Qf4+ 23. Kg2 Bxe4+ 24. Rf3 Bxf3+ 25. Nxf3 Re2+ 26. Kg1 Qg4+ 27.
Kf1 Qg2# 0-1

[Event "AUTO-OPEN-87"]
[Site "http://www.queenalice.com/game.php?id=14047"]
[Date "2005.5.23"]
[Round "1"]
[White "unRated_K"]
[Black "flare"]
[Result "1-0"]
[WhiteElo "1624"]
[BlackElo "1463"]

1. d4 d5 2. Nf3 Nc6 3. Bf4 Nf6 4. e3 Bf5 5. c4 e6 6. Be2 Bb4+ 7. Nc3 a6 8. O-O
O-O 9. c5 Ne4 10. Nxe4 dxe4 11. Nd2 f6 12. Nb3 Ne7 13. a3 Ba5 14. Nxa5 Rb8 15.
b4 Nd5 16. Bg3 b6 17. Nc6 Qc8 18. b5 1-0

[Event "AUTO-OPEN-87"]
[Site "http://www.queenalice.com/game.php?id=14048"]
[Date "2005.5.23"]
[Round "1"]
[White "flare"]
[Black "unRated_K"]
[Result "0-1"]
[WhiteElo "1473"]
[BlackElo "1614"]

1. e4 d5 2. exd5 Qxd5 3. Nc3 Qa5 4. Nf3 Nc6 5. d4 Bg4 6. Be2 O-O-O 7. Bd2 Nf6 8.
O-O Bxf3 9. Bxf3 Nxd4 10. Ne4 Qf5 11. Nxf6 Qxf6 12. Bc3 Nxf3+ 13. gxf3 Qg6+ 14.
Kh1 Rxd1 15. Raxd1 f6 16. Rd2 e6 17. Rfd1 Bd6 0-1

[Event "AUTO-OPEN-87"]
[Site "http://www.queenalice.com/game.php?id=14075"]
[Date "2005.5.23"]
[Round "1"]
[White "brenoroberto"]
[Black "flare"]
[Result "0-1"]
[WhiteElo "1228"]
[BlackElo "1748"]

1. e4 c5 2. e5 Nc6 3. f4 d6 4. Nf3 dxe5 5. fxe5 Bg4 6. Be2 Qd5 7. Nc3 Qe6 8. d4
Rd8 9. Be3 cxd4 10. Bxd4 Nxd4 11. Nxd4 Bxe2 12. Ndxe2 Rxd1+ 13. Rxd1 Qxe5 14.
O-O Qe3+ 15. Kh1 Nf6 16. Rf3 Qe5 17. Rfd3 Qb8 18. Ne4 Nxe4 19. Ng3 Nf2+ 20. Kg1
Nxd3 21. Rxd3 e6 22. a4 Bd6 23. Nh5 Bxh2+ 24. Kh1 O-O 25. Rh3 Rd8 26. Rxh2 Rd1#
0-1

[Event "AUTO-OPEN-87"]
[Site "http://www.queenalice.com/game.php?id=14076"]
[Date "2005.5.23"]
[Round "1"]
[White "flare"]
[Black "brenoroberto"]
[Result "0-1"]
[WhiteElo "1668"]
[BlackElo "1270"]

1. e4 e5 2. Nf3 d6 3. Nc3 Bg4 4. Bc4 Bxf3 5. Qxf3 Nh6 6. O-O c5 7. d4 cxd4 8.
Nd5 Qc8 9. b3 Nc6 10. Bxh6 gxh6 11. Nf6+ Kd8 12. Nh5 Be7 13. Qxf7 Qg4 14. Nf6
Bxf6 15. Qxb7 Rc8 16. Ba6 Rg8 17. g3 Rc7 18. Qa8+ Kd7 19. f3 Qg7 20. Qxg8 Qxg8
21. Rad1 Nb4 22. Bc4 Qg6 23. a3 Nxc2 24. Rc1 Nxa3 25. Be6+ Kd8 26. Bf5 Qf7 27.
b4 h5 28. Rxc7 Qxc7 29. Kg2 Qc2+ 30. Rf2 Qc4 31. Rb2 Qc3 32. Ra2 Qxb4 33. Bxh7
d3 34. Kf1 d2 35. Ke2 Nb1 36. Bg6 Qc4+ 37. Kd1 Qxa2 38. Bxh5 Nc3# 0-1

[Event "AUTO-OPEN-87"]
[Site "http://www.queenalice.com/game.php?id=14093"]
[Date "2005.5.23"]
[Round "1"]
[White "larryb"]
[Black "flare"]
[Result "1-0"]
[WhiteElo "1291"]
[BlackElo "1533"]

1. e4 d5 2. f3 Nf6 3. Nc3 e6 4. Bc4 dxc4 5. d3 Nc6 6. Bg5 Bb4 7. Ne2 h6 8. Bh4
e5 9. f4 g5 10. a3 Bxc3+ 11. Nxc3 gxh4 12. h3 Nd4 13. fxe5 Nd7 14. Nd5 c6 15.
O-O cxd5 16. exd5 Nxe5 17. dxc4 Qb6 18. Qh5 Qg6 19. Qxe5+ Kd7 20. Qxh8 Nxc2 21.
Rac1 Ne3 22. Rf2 Kd6 23. Re1 Nxc4 24. Rd1 b5 25. Qd8+ Ke5 26. Qe7+ Be6 27. Qc7+
1-0

[Event "AUTO-OPEN-87"]
[Site "http://www.queenalice.com/game.php?id=14094"]
[Date "2005.5.23"]
[Round "1"]
[White "flare"]
[Black "larryb"]
[Result "0-1"]
[WhiteElo "1561"]
[BlackElo "1263"]

1. e4 e5 2. Nf3 Nc6 3. Nc3 Bc5 4. Bc4 Nf6 5. O-O O-O 6. d3 Ne7 7. Bg5 Ng6 8. Nh4
h6 9. Nxg6 hxg5 10. Nxf8 Kxf8 11. Nd5 Bd4 12. c3 c6 13. cxd4 exd4 14. Nb4 Qa5
15. a3 d5 16. exd5 cxd5 17. Bb3 Bg4 18. f3 Bf5 19. g4 Bg6 20. Qe1 Re8 21. Qd2
Qc7 22. Nxd5 Nxd5 23. Bxd5 Re5 24. Rac1 Qe7 25. Rc8+ Qe8 26. Rxe8+ Kxe8 0-1

[Event "AUTO-OPEN-89"]
[Site "http://www.queenalice.com/game.php?id=14766"]
[Date "2005.5.31"]
[Round "1"]
[White "diego2907"]
[Black "flare"]
[Result "1-0"]
[WhiteElo "1602"]
[BlackElo "1453"]

1. e4 c5 2. Bc4 Nc6 3. Nf3 e5 4. d3 Nf6 5. Ng5 d5 6. exd5 Nxd5 7. Nxf7 Kxf7 8.
Qf3+ Qf6 9. Bxd5+ Be6 10. Bxe6+ Kxe6 11. Qg4+ Qf5 12. Qc4+ Kd6 13. Be3 b6 14.
Nc3 Qe6 15. Ne4+ Ke7 16. Qc3 Nd4 17. Bxd4 cxd4 18. Qc7+ Qd7 19. Qxe5+ Kd8 20.
O-O Rc8 21. Qg5+ Qe7 22. Qf4 g5 23. Qd2 Bh6 24. Rae1 Qg7 25. Qb4 1-0

[Event "AUTO-OPEN-89"]
[Site "http://www.queenalice.com/game.php?id=14767"]
[Date "2005.5.31"]
[Round "1"]
[White "flare"]
[Black "diego2907"]
[Result "0-1"]
[WhiteElo "1695"]
[BlackElo "1573"]

1. e4 e5 2. Nf3 Nc6 3. Bc4 h6 4. Nc3 Bc5 5. O-O d6 6. a3 a6 7. d3 Nd4 8. b4 Ba7
9. Be3 Bg4 10. h3 Bxf3 11. gxf3 Qh4 12. Nd5 O-O-O 13. c3 Qxh3 14. cxd4 g5 15.
Qc1 Rd7 16. dxe5 g4 17. Bxa7 gxf3 18. Nf4 Qg4+ 19. Kh1 Nf6 20. e6 Qh4+ 21. Kg1
Rg8+ 22. Ng2 Rxg2# 0-1

[Event "AUTO-OPEN-89"]
[Site "http://www.queenalice.com/game.php?id=14788"]
[Date "2005.5.31"]
[Round "1"]
[White "flare"]
[Black "Willy"]
[Result "0-1"]
[WhiteElo "1473"]
[BlackElo "1809"]

1. e4 c5 2. Nf3 Nc6 3. Nc3 d6 4. Bc4 Nf6 5. O-O a6 6. Ng5 e6 7. d3 h6 8. Nf3 Na5
9. Bd2 b5 10. Bb3 c4 11. dxc4 Nxb3 12. axb3 b4 13. Ne2 Nxe4 14. Bf4 Bb7 15. Qd4
e5 16. Bxe5 dxe5 17. Qxe5+ Qe7 0-1

[Event "AUTO-OPEN-89"]
[Site "http://www.queenalice.com/game.php?id=14789"]
[Date "2005.5.31"]
[Round "1"]
[White "Willy"]
[Black "flare"]
[Result "1-0"]
[WhiteElo "1806"]
[BlackElo "1473"]

1. e4 c5 2. f4 Nc6 3. Nf3 d5 4. e5 f6 5. Bb5 Bd7 6. c3 a6 7. Ba4 Qa5 8. Bxc6 Qc7
9. Bxd7+ Qxd7 10. Qe2 Qe6 11. d4 c4 12. O-O Qf5 13. Nh4 Qe4 14. Be3 e6 15. Nd2
Qd3 16. Qf3 Be7 17. Rae1 1-0

[Event "AUTO-OPEN-89"]
[Site "http://www.queenalice.com/game.php?id=14790"]
[Date "2005.5.31"]
[Round "1"]
[White "flare"]
[Black "andi_g"]
[Result "0-1"]
[WhiteElo "1375"]
[BlackElo "1512"]

1. e4 d5 2. exd5 Qxd5 3. Nc3 Qe5+ 4. Qe2 Nc6 5. Nf3 Qxe2+ 6. Bxe2 Bd7 7. Nb5
O-O-O 8. d4 a6 9. Nc3 b5 10. Bf4 f6 0-1

[Event "AUTO-OPEN-89"]
[Site "http://www.queenalice.com/game.php?id=14791"]
[Date "2005.5.31"]
[Round "1"]
[White "andi_g"]
[Black "flare"]
[Result "1-0"]
[WhiteElo "1476"]
[BlackElo "1411"]

1. b4 e5 2. g4 d5 3. Bg2 Nc6 4. c3 d4 5. Qa4 Bd7 6. f3 Nf6 7. b5 Ne7 8. cxd4
exd4 9. Qxd4 Bxb5 10. Qxd8+ Rxd8 11. Nh3 1-0

[Event "AUTO-OPEN-91"]
[Site "http://www.queenalice.com/game.php?id=15500"]
[Date "2005.6.7"]
[Round "1"]
[White "marison"]
[Black "flare"]
[Result "1-0"]
[WhiteElo "1473"]
[BlackElo "1384"]

1. e4 c5 2. Nf3 Nc6 3. Bb5 Qb6 4. Nc3 a6 5. Bxc6 bxc6 6. O-O Nf6 7. h3 e5 8.
Nxe5 d6 9. Nc4 Qd8 10. Re1 Be7 11. d4 cxd4 12. Qxd4 O-O 13. e5 dxe5 14. Qxe5 Be6
15. Ne3 Qd6 16. Qg3 Qxg3 17. fxg3 Bb4 18. Bd2 1-0

[Event "AUTO-OPEN-91"]
[Site "http://www.queenalice.com/game.php?id=15501"]
[Date "2005.6.7"]
[Round "1"]
[White "flare"]
[Black "marison"]
[Result "0-1"]
[WhiteElo "1342"]
[BlackElo "1499"]

1. e4 e5 2. Nf3 Nc6 3. Nc3 a6 4. d4 exd4 5. Nxd4 Nxd4 6. Qxd4 Nf6 7. e5 Nh5 8.
g4 c5 9. Qe3 Nf4 10. Qxf4 Qe7 11. Be2 Qe6 12. Bc4 Qg6 13. h4 d6 14. h5 Qxg4 15.
Qxf7+ Kd8 16. exd6 Bxd6 17. Bb3 Re8+ 18. Kd2 Bf4+ 0-1

[Event "AUTO-OPEN-91"]
[Site "http://www.queenalice.com/game.php?id=15526"]
[Date "2005.6.7"]
[Round "1"]
[White "alanski27"]
[Black "flare"]
[Result "1-0"]
[WhiteElo "1351"]
[BlackElo "1372"]

1. e4 c5 2. Bc4 Nc6 3. c3 d6 4. Bb5 Bd7 5. d4 cxd4 6. cxd4 e5 7. d5 Nd4 8. Bxd7+
Qxd7 9. Nc3 Nf6 10. Be3 Rc8 11. Bxd4 exd4 12. Qxd4 1-0

[Event "AUTO-OPEN-91"]
[Site "http://www.queenalice.com/game.php?id=15527"]
[Date "2005.6.7"]
[Round "1"]
[White "flare"]
[Black "alanski27"]
[Result "0-1"]
[WhiteElo "1372"]
[BlackElo "1372"]

1. e4 e5 2. Nf3 d6 3. Nc3 Bg4 4. Be2 Nc6 5. d4 f6 6. O-O Nge7 7. h3 Bh5 8. a3
Ng6 9. g3 Qd7 10. g4 Bxg4 11. hxg4 Qxg4+ 0-1